[Event "Wiesbaden op 32nd"]
[Site "Wiesbaden"]
[Date "2023.08.27"]
[Round "6"]
[White "Joshi, Kanad"]
[Black "Sefeloge, Michael"]
[Result "1/2-1/2"]
[WhiteElo "1370"]
[BlackElo "1625"]
[PlyCount "93"]
[EventDate "2023.08.24"]
[EventType "swiss"]
[EventRounds "7"]
[EventCountry "GER"]
[SourceTitle "CBM 216 Extra"]
[Source "ChessBase"]
[SourceDate "2023.11.30"]
[SourceVersion "1"]
[SourceVersionDate "2023.11.30"]
[SourceQuality "1"]

1. e4 c5 2. Nf3 d6 3. d3 Nf6 4. g3 e6 5. Bg2 Nc6 6. 0-0 Be7 7. Re1 0-0 8. c3 Bd7 9. d4 cxd4 10. cxd4 Qc7 11. Nc3 a6 12. Be3 Rfe8 13. a3 Rac8 14. Nd2 b5 15. f4 e5 16. d5 Na5 17. f5 Nc4 18. Nxc4 bxc4 19. h3 Qb7 20. Rb1 Rb8 21. g4 h6 22. Qd2 Nh7 23. Qf2 Bd8 24. Kh1 Bb6 25. Qg3 Bxe3 26. Rxe3 Qb6 27. h4 Qd8 28. Bf1 Rc8 29. Ne2 a5 30. Ng1 Ba4 31. Nh3 f6 32. Re2 Qe7 33. Rg2 Rc7 34. Be2 Bc2 35. Rbg1 Bxe4 36. Bf3 Bxf3 37. Qxf3 Rb8 38. g5 fxg5 39. hxg5 hxg5 40. Nxg5 Nxg5 41. Rxg5 Qf6 42. Qh5 Rbb7 43. Rg6 Qf7 44. Rxg7+ Qxg7 45. Rxg7+ Rxg7 46. Qe8+ Kh7 47. Qh5+ 1/2-1/2

[Event "Wiesbaden op 32nd"]
[Site "Wiesbaden"]
[Date "2023.08.26"]
[Round "4"]
[White "Reiss, Peter"]
[Black "Joshi, Kanad"]
[Result "1/2-1/2"]
[WhiteElo "1594"]
[BlackElo "1370"]
[PlyCount "80"]
[EventDate "2023.08.24"]
[EventType "swiss"]
[EventRounds "7"]
[EventCountry "GER"]
[SourceTitle "CBM 216 Extra"]
[Source "ChessBase"]
[SourceDate "2023.11.30"]
[SourceVersion "1"]
[SourceVersionDate "2023.11.30"]
[SourceQuality "1"]

1. d4 d5 2. c4 e6 3. Nc3 Nf6 4. Bg5 Be7 5. e3 b6 6. Rc1 Bb7 7. Nf3 Nbd7 8. Bd3 0-0 9. 0-0 c5 10. b3 h6 11. Bh4 a6 12. h3 Re8 13. cxd5 Nxd5 14. Bxe7 Qxe7 15. Nxd5 exd5 16. dxc5 bxc5 17. Be2 d4 18. Qd2 dxe3 19. fxe3 Qxe3+ 20. Qxe3 Rxe3 21. Kf2 Rae8 22. Rc2 f5 23. Rd1 Nf6 24. Bc4+ Kh8 25. Nh4 R3e4 26. Nf3 R4e7 27. Nh4 Re4 28. Nf3 Rf4 29. Bf7 Re7 30. Rd8+ Kh7 31. Bc4 Rd7 32. Rxd7 Nxd7 33. Be6 Nf6 34. Kg3 g5 35. Kh2 Ne4 36. Ne5 Rf1 37. Nd3 g4 38. hxg4 f4 39. Bf5+ Kg7 40. Bxe4 Bxe4 1/2-1/2

[Event "Wiesbaden op 32nd"]
[Site "Wiesbaden"]
[Date "2023.08.25"]
[Round "3"]
[White "Joshi, Kanad"]
[Black "Rotaermel, Leonie"]
[Result "1/2-1/2"]
[WhiteElo "1370"]
[BlackElo "1489"]
[PlyCount "98"]
[EventDate "2023.08.24"]
[EventType "swiss"]
[EventRounds "7"]
[EventCountry "GER"]
[SourceTitle "CBM 216 Extra"]
[Source "ChessBase"]
[SourceDate "2023.11.30"]
[SourceVersion "1"]
[SourceVersionDate "2023.11.30"]
[SourceQuality "1"]

1. e4 c6 2. d3 d5 3. Nd2 Nd7 4. Ngf3 e5 5. g3 Ngf6 6. Bg2 Bd6 7. c3 0-0 8. 0-0 Re8 9. exd5 Nxd5 10. Ne4 Bc7 11. c4 N5f6 12. Bg5 h6 13. Bxf6 Nxf6 14. Re1 Nxe4 15. Rxe4 Bf5 16. Re3 Qd7 17. Qe2 f6 18. b4 a5 19. Qd2 axb4 20. Qxb4 Ba5 21. Qb3 Be6 22. Qc2 Bh3 23. Rd1 Bxg2 24. Kxg2 c5 25. Nh4 Bb4 26. Qe2 Qa4 27. Qg4 Qc6+ 28. Kg1 Qc7 29. Nf5 Kh8 30. Re2 Ra3 31. Rc1 Rxd3 32. Ne3 Rd2 33. Nd5 Qa5 34. Rc2 Rxc2 35. Rxc2 Qd8 36. Qg6 Ba5 37. Re2 Re6 38. f4 Qe8 39. Qg4 e4 40. f5 Re5 41. Nf4 e3 42. Ng6+ Kg8 43. Nxe5 Qxe5 44. Qf3 Bd2 45. g4 Qe7 46. Kg2 Kh8 47. Qd5 Qc7 48. Kf3 Qe7 49. Qd3 Qc7 1/2-1/2